<?xml version="1.0" encoding="UTF-8"?>
<record
    xmlns:xsi="http://www.w3.org/2001/XMLSchema-instance"
    xsi:schemaLocation="http://www.loc.gov/MARC21/slim http://www.loc.gov/standards/marcxml/schema/MARC21slim.xsd"
    xmlns="http://www.loc.gov/MARC21/slim">

  <leader>02091nam a22002777a 4500</leader>
  <controlfield tag="001">9779</controlfield>
  <controlfield tag="003">FISKH</controlfield>
  <controlfield tag="005">20260224080942.0</controlfield>
  <controlfield tag="008">260224b        cb ||||| |||| 00| 0 eng d</controlfield>
  <datafield tag="020" ind1=" " ind2=" ">
    <subfield code="a">9781398529489</subfield>
  </datafield>
  <datafield tag="040" ind1=" " ind2=" ">
    <subfield code="a">FISKH</subfield>
    <subfield code="b">eng</subfield>
    <subfield code="c">FISKH</subfield>
    <subfield code="d">FISKH</subfield>
  </datafield>
  <datafield tag="050" ind1=" " ind2=" ">
    <subfield code="a">PZ7.1 .R5936 .P</subfield>
  </datafield>
  <datafield tag="082" ind1=" " ind2=" ">
    <subfield code="a">813.6</subfield>
  </datafield>
  <datafield tag="100" ind1=" " ind2=" ">
    <subfield code="a">Roberts, Lauren </subfield>
  </datafield>
  <datafield tag="245" ind1=" " ind2=" ">
    <subfield code="a">Powerless /</subfield>
    <subfield code="c">Lauren Roberts</subfield>
  </datafield>
  <datafield tag="260" ind1=" " ind2=" ">
    <subfield code="a">London : </subfield>
    <subfield code="b">Simon &amp; Schuster, </subfield>
    <subfield code="c">2023.</subfield>
  </datafield>
  <datafield tag="300" ind1=" " ind2=" ">
    <subfield code="a">501, 10 pages : </subfield>
    <subfield code="b">map ; illustrations ; </subfield>
    <subfield code="c">20 cm </subfield>
  </datafield>
  <datafield tag="490" ind1=" " ind2=" ">
    <subfield code="a">Powerless : </subfield>
    <subfield code="v">Book One </subfield>
  </datafield>
  <datafield tag="505" ind1=" " ind2=" ">
    <subfield code="a">R
</subfield>
  </datafield>
  <datafield tag="520" ind1=" " ind2=" ">
    <subfield code="a">She is the very thing he's spent his whole life hunting.
He is the very thing she's spent her whole life pretending to be.

Only the extraordinary belong in the kingdom of Ilya&#xFFFD;the exceptional, the empowered, the Elites. The powers these Elites have possessed for decades were graciously gifted to them by the Plague, though not all were fortunate enough to both survive the sickness and reap the reward. Those born Ordinary are just that&#x97;ordinary. And when the king decreed that all Ordinaries be banished to preserve his Elite society, lacking an ability suddenly became a crime&#x97;making Paedyn Gray a felon by fate and a thief by necessity.

Surviving in the slums as an Ordinary is no simple task, and Paedyn knows this better than most. Having been trained by her father to be keenly observant since she was a child, Paedyn poses as a Psychic in the crowded city, blending in with the Elites as best she can to stay alive and out of trouble...easier said than done.

When Paeydn unsuspectingly saves one of Ilya's princes, she finds herself thrown into the Purging Trials. The brutal competition exists to showcase the Elites' powers&#x97;the very thing Paedyn lacks. If the Trials and the opponents within them don't kill her, the prince she's fighting feelings for certainly will if he discovers what she is...completely Ordinary.</subfield>
  </datafield>
  <datafield tag="521" ind1="8" ind2=" ">
    <subfield code="a">750
</subfield>
    <subfield code="b">Lexile estimate
</subfield>
  </datafield>
  <datafield tag="521" ind1="8" ind2=" ">
    <subfield code="a">R
</subfield>
    <subfield code="b">Raz-Plus

</subfield>
  </datafield>
  <datafield tag="650" ind1=" " ind2=" ">
    <subfield code="a">Fantasy</subfield>
    <subfield code="v">Young Adult Fiction</subfield>
    <subfield code="x">Love Triangle</subfield>
  </datafield>
  <datafield tag="942" ind1=" " ind2=" ">
    <subfield code="2">ddc</subfield>
    <subfield code="c">BK</subfield>
    <subfield code="n">0</subfield>
  </datafield>
  <datafield tag="999" ind1=" " ind2=" ">
    <subfield code="c">9779</subfield>
    <subfield code="d">9779</subfield>
  </datafield>
  <datafield tag="952" ind1=" " ind2=" ">
    <subfield code="0">0</subfield>
    <subfield code="1">0</subfield>
    <subfield code="2">ddc</subfield>
    <subfield code="4">0</subfield>
    <subfield code="7">0</subfield>
    <subfield code="8">JUVF</subfield>
    <subfield code="a">001</subfield>
    <subfield code="b">001</subfield>
    <subfield code="c">TK Orange</subfield>
    <subfield code="d">2026-02-24</subfield>
    <subfield code="l">0</subfield>
    <subfield code="o">ROB  813.6 PZ7.1 .R5936 .P </subfield>
    <subfield code="p">2026-0266</subfield>
    <subfield code="r">2026-02-24 08:09:39</subfield>
    <subfield code="t">1</subfield>
    <subfield code="w">2026-02-24</subfield>
    <subfield code="y">BK</subfield>
  </datafield>
</record>
